Sourcing to support the green initiative

The "green" or environmental sustainability movement has taken hold throughout the world. Its staying power is confirmed by the fact that environmental emphasis in organizations did not decrease during the recent global recession, but rather increased. Organizations see that greater enviro...

Full description

Bibliographic Details
Main Author: Ellram, Lisa M.,
Other Authors: Tate, Wendy.,
Format: Electronic eBook
Language:English
Published: New York, N.Y. (222 East 46th Street, New York, NY 10017) : Business Expert Press, 2013.
Edition:1st ed.
Series:2013 digital library.
Supply and operations management collection.
Subjects:
Online Access:Click to View
LEADER 03271nam a2200565 a 4500
001 EBC1322871
003 MiAaPQ
005 20130822143112.0
006 m o d |
007 cr cn |||m|||a
008 130822s2013 nyu foab 001 0 eng d
020 |z 9781606496008 (pbk.) 
020 |a 9781606496015 (electronic bk.) 
035 |a (MiAaPQ)EBC1322871 
035 |a (Au-PeEL)EBL1322871 
035 |a (CaPaEBR)ebr10747515 
035 |a (CaONFJC)MIL506081 
035 |a (OCoLC)856840167 
040 |a MiAaPQ  |c MiAaPQ  |d MiAaPQ 
050 4 |a HD38.5  |b .E448 2013 
082 0 4 |a 658.7  |2 23 
100 1 |a Ellram, Lisa M., 
245 1 0 |a Sourcing to support the green initiative  |h [electronic resource] /  |c Lisa Ellram, Wendy Tate. 
250 |a 1st ed. 
260 |a New York, N.Y. (222 East 46th Street, New York, NY 10017) :  |b Business Expert Press,  |c 2013. 
300 |a 1 PDF (xiv, 107 p.) 
490 1 |a Supply and operations management collection,  |x 2156-8200 
500 |a Part of: 2013 digital library. 
504 |a Includes bibliographical references (pages 93-102) and index. 
505 0 |a 1. Why should we care? -- 2. What is sourcing to support the green initiative? -- 3. What are some key concepts in understanding green sourcing and its impacts? -- 4. What industries and sectors lead the way: part 1 -- 5. What industries and sectors lead the way: part 2 -- 6. What is the relationship between transportation and green sourcing? -- 7. A path forward -- Notes -- References -- Index. 
506 |a Access restricted to authorized users and institutions. 
520 3 |a The "green" or environmental sustainability movement has taken hold throughout the world. Its staying power is confirmed by the fact that environmental emphasis in organizations did not decrease during the recent global recession, but rather increased. Organizations see that greater environmental emphasis in their product and service offerings not only helps their image, but also may reduce inefficiency, waste, and corresponding cost. However, since most organizations rely heavily on their supply base for providing components, materials, and services that become part of their final products, organizations must revisit their sourcing processes and choices to have a real impact on the environment. 
530 |a Also available in print. 
533 |a Electronic reproduction. Ann Arbor, MI : ProQuest, 2015. Available via World Wide Web. Access may be limited to ProQuest affiliated libraries. 
538 |a Mode of access: World Wide Web. 
538 |a System requirements: Adobe Acrobat reader. 
588 |a Title from PDF title page (viewed on August 22, 2013). 
650 0 |a Business logistics  |x Environmental aspects. 
650 0 |a Green products. 
653 |a green purchasing 
653 |a sustainable purchasing 
653 |a sourcing for the environment 
653 |a green suppliers 
653 |a environmental transportation 
655 4 |a Electronic books. 
700 1 |a Tate, Wendy., 
776 0 8 |i Print version:  |z 9781606496008 
830 0 |a 2013 digital library. 
830 0 |a Supply and operations management collection.  |x 2156-8200 
856 4 0 |u https://ebookcentral.proquest.com/lib/matrademy/detail.action?docID=1322871  |z Click to View